Statistiques concernant Conjugaison du verbe "coudre"

Cliquez ici pour prendre le quiz!

Statistiques générales

  • Ce quiz a été pris 209 fois
  • Le résultat moyen est 36 sur 47

Statistiques - réponses

ModeTempsPersonnePrésent% Correct
IndicatifPrésentIl/elle/oncoud
99%
IndicatifPrésentJecouds
97%
IndicatifPrésentTucouds
97%
ImpératifPrésentcouds
97%
IndicatifImparfaitJecousais
93%
IndicatifImparfaitTucousais
93%
SubjonctifPrésentQue jecouse
93%
SubjonctifPrésentQu'il/elle/oncouse
93%
SubjonctifPrésentQu'ils/ellescousent
93%
IndicatifPrésentIls/ellescousent
93%
IndicatifPrésentVouscousez
93%
ImpératifPrésentcousez
93%
IndicatifPrésentNouscousons
93%
ImpératifPrésentcousons
93%
IndicatifImparfaitIl/elle/oncousait
91%
IndicatifImparfaitVouscousiez
91%
SubjonctifPrésentQue vouscousiez
91%
SubjonctifPrésentQue nouscousions
91%
IndicatifImparfaitNouscousions
91%
IndicatifImparfaitIls/ellescousaient
89%
IndicatifFutur simpleIl/elle/oncoudra
85%
ParticipePassécousu
85%
IndicatifFutur simpleJecoudrai
84%
IndicatifFutur simpleNouscoudrons
84%
IndicatifFutur simpleTucoudras
83%
IndicatifFutur simpleVouscoudrez
82%
SubjonctifPrésentQue tucouses
81%
IndicatifFutur simpleIls/ellescoudront
79%
ConditionnelPrésentJecoudrais
72%
ConditionnelPrésentTucoudrais
72%
ConditionnelPrésentIl/elle/oncoudrait
70%
ConditionnelPrésentVouscoudriez
69%
ConditionnelPrésentNouscoudrions
69%
ConditionnelPrésentIls/ellescoudraient
68%
ParticipePrésentcousant
68%
IndicatifPassé simpleIl/elle/oncousit
61%
SubjonctifImparfaitQu'il/elle/oncousît
61%
IndicatifPassé simpleJecousis
60%
IndicatifPassé simpleTucousis
60%
IndicatifPassé simpleNouscousîmes
56%
IndicatifPassé simpleVouscousîtes
56%
IndicatifPassé simpleIls/ellescousirent
55%
SubjonctifImparfaitQue jecousisse
42%
SubjonctifImparfaitQue tucousisses
41%
SubjonctifImparfaitQue nouscousissions
38%
SubjonctifImparfaitQu'ils/ellescousissent
37%
SubjonctifImparfaitQue vouscousissiez
37%

Distribution des résultats

Percentile par nombre de réponses

% des personnes avec chaque résultat

Votre développement - résultats

Vous n’avez pas pris ce quiz